00737nam a2200181Ia 4500008004100000020001500041041001200056082001600068100001800084245004600102260002500148300000800173650001400181942000700195999001500202952016800217952017000385221030s9999 xx 000 0 und d a8120315766 aEnglish a105.23bBen aS. K. Banerji 0aEnvironmental Chemistrycby S. K. Banerji bPHIaNew Delhic1999 a178 aChemistry cBK c6880d6880 pBE 2546g89.00l0o105.23 Benr2024-06-13 00:00:00w2022-10-30yBK003Print4070aMIETLIBbMIETLIBcBL-Academic Block, FL-1, CUP-19, SH-5, R-5d2001-02-1010HBE pBE 3096g89.00l0o105.23 Benr2024-06-13 00:00:00w2022-10-30yBK003Print4070aMIETLIBbMIETLIBcBL-Academic Block A, FL-1, CUP-19, SH-5, R-5d2001-03-1710HBE